000 00322nam a22001457a 4500
003 OSt
005 20211224093400.0
008 211224b |||||||| |||| 00| 0 eng d
020 _a0340697504
040 _cHU
082 _a004.6
100 _aStephen
_924809
245 _aTeach Yourself Access 7
942 _2ddc
_cBOOKS
_n0
999 _c23884
_d23884